000
00283nam a22001217a 4500
082
_a
823
_b
REA/C
100
_a
TOLSTOY,LEO, MANUPASSANT,GUY DE
245
_a
CLASSIC SHORT STORIES
260
_a
MUMBAI
_b
READER'S DIGEST
300
_a
191
650
_a
SHORT STORY
_z
MUMBAI
942
_c
BK
999
_c
3489
_d
3489